Thí nghiệm thực hành phương pháp dạy học hoá học T.3 Phương pháp dạy học hóa học
Trình bày: yêu cầu, nội dung, phương pháp thí nghiệm, thực hành về phương pháp dạy hoá học, các công tác cơ bản trong phòng thí nghiệm hoá học; kĩ thuật và phương pháp tiến hành một số thí nghiệm hoá học ở trường trung học cơ sở; các thí nghiệm hoá học ở trường trung học phổ thông; thí nghiệm hoá họ...
Guardat en:
| Altres autors: | , , , , |
|---|---|
| Format: | Llibre |
| Idioma: | Vietnamese |
| Publicat: |
H.
Đại học Sư phạm
2008
|
| Edició: | Tái bản lần thứ 1, có sửa chữa |
| Matèries: | |
| Etiquetes: |
Afegir etiqueta
Sense etiquetes, Sigues el primer a etiquetar aquest registre!
|
| Thư viện lưu trữ: | Mạng thư viện Đại học Đà Nẵng |
|---|
| LEADER | 01990aam a22004098a 4500 | ||
|---|---|---|---|
| 001 | 000006448 | ||
| 003 | 2603 | ||
| 005 | 20110912090916.0 | ||
| 008 | 110912s2008 viesd | ||
| 020 | |c 36000đ |d 1000b | ||
| 041 | 0 | |a vie | |
| 082 | 1 | 4 | |2 14 |a 540.71 |b TH300N |
| 245 | 0 | 0 | |a Thí nghiệm thực hành phương pháp dạy học hoá học |c B.s.: Nguyễn Cương (ch.b.), Nguyễn Xuân Trường, Nguyễn Thị Sửu.. |n T.3 |p Phương pháp dạy học hóa học |
| 250 | |a Tái bản lần thứ 1, có sửa chữa | ||
| 260 | |a H. |b Đại học Sư phạm |c 2008 | ||
| 300 | |a 230tr. |b hình vẽ |c 24cm | ||
| 504 | |a Thư mục: tr. 230 | ||
| 520 | |a Trình bày: yêu cầu, nội dung, phương pháp thí nghiệm, thực hành về phương pháp dạy hoá học, các công tác cơ bản trong phòng thí nghiệm hoá học; kĩ thuật và phương pháp tiến hành một số thí nghiệm hoá học ở trường trung học cơ sở; các thí nghiệm hoá học ở trường trung học phổ thông; thí nghiệm hoá học vui; sử dụng một số phương tiện trực quan và phương tiện kĩ thuật dạy học | ||
| 650 | 7 | |2 Bộ TK TVQG |a Hoá học | |
| 650 | 7 | |2 Bộ TK TVQG |a Thực hành | |
| 650 | 7 | |2 Bộ TK TVQG |a Phương pháp giảng dạy | |
| 650 | 7 | |2 Bộ TK TVQG |a Thí nghiệm | |
| 655 | 7 | |2 Bộ TK TVQG |a Sách giáo viên | |
| 700 | 1 | |a Nguyễn Cương |e ch.b. | |
| 700 | 1 | |a Nguyễn Xuân Trường |e b.s. | |
| 700 | 1 | |a Nguyễn Thị Sửu |e b.s. | |
| 700 | 1 | |a Đặng Thị Oanh |e b.s. | |
| 700 | 1 | |a Nguyễn Mai Dung |e b.s. | |
| 773 | |b Tái bản lần thứ 1, có sửa chữa |d H. |d 2008 |d Đại học Sư phạm |t Thí nghiệm thực hành phương pháp dạy học hóa học |w 392139 | ||
| OWN | |a LSP | ||
| 999 | |a From the UDN01 | ||
| TYP | |a Monograph | ||
| TYP | |a Printed language | ||
| 980 | |a Mạng thư viện Đại học Đà Nẵng | ||